| 000 | 01524nam a2200385 a 4500 | ||
|---|---|---|---|
| 001 | ebr10234810 | ||
| 003 | CaPaEBR | ||
| 006 | m u | ||
| 007 | cr cn||||||||| | ||
| 008 | 061130s2006 ne sb 001 0deng d | ||
| 010 | _z 2006286841 | ||
| 020 | _z9789047409892 | ||
| 020 | _z9789004151925 | ||
| 020 | _z9004151923 | ||
| 040 |
_aCaPaEBR _cCaPaEBR |
||
| 035 | _a(OCoLC)290558824 | ||
| 041 | 1 |
_aeng _alat _hlat |
|
| 050 | 1 | 4 |
_aPA6501.B4 _bM67 2006eb |
| 100 | 1 | _aMoreno Soldevila, Rosario. | |
| 245 | 1 | 0 |
_aMartial, Book IV _h[electronic resource] : _ba commentary / _cby Rosario Moreno Soldevila. |
| 246 | 3 | _aMartial, Book 4 | |
| 246 | 3 | _aMartial, Book four | |
| 260 |
_aLeiden : _bBrill, _c2006. |
||
| 300 | _ax, 618 p. | ||
| 490 | 1 |
_aMnemosyne, bibliotheca classica Batava. Supplementum, _x0169-8958 ; _v278 |
|
| 504 | _aIncludes bibliographical references and indexes. | ||
| 533 |
_aElectronic reproduction. _bPalo Alto, Calif. : _cebrary, _d2013. _nAvailable via World Wide Web. _nAccess may be limited to ebrary affiliated libraries. |
||
| 600 | 0 | 0 |
_aMartial. _tEpigrammata. _nLiber 4. |
| 650 | 0 |
_aEpigrams, Latin _xHistory and criticism. |
|
| 655 | 7 |
_aElectronic books. _2local |
|
| 700 | 0 | 2 |
_aMartial. _tEpigrammata. _nLiber 4. _lEnglish & Latin. _f2006. |
| 710 | 2 | _aebrary, Inc. | |
| 830 | 0 |
_aMnemosyne, bibliotheca classica Batava. _pSupplementum ; _v278. |
|
| 856 | 4 | 0 |
_uhttp://site.ebrary.com/lib/rucke/Doc?id=10234810 _zAn electronic book accessible through the World Wide Web; click to view |
| 999 |
_c152547 _d152547 |
||